Literary lights ; a book of caricatures /

Bibliographic Details
Main Author: Markey, Gene, 1895-1980
Format: Book
Language:English
Published: New York : A. A. Knopf, 1923.
Subjects:

MARC

Tag First Indicator Second Indicator Subfields
LEADER 00000cam a2200000 4500
001 in00000010428
005 20151007051351.0
008 750818s1923 nyua 00010 eng
010 |a  23008845  
035 |a (OCoLC)01558388 
035 |9 AAA2637AM 
040 |a DLC  |c IXA  |d OCL  |d TXA  |d UtOrBLW 
049 |a TXAM  |c [A11011150] 
050 0 |a NC1429  |b .M4 
100 1 |a Markey, Gene,  |d 1895-1980. 
245 1 0 |a Literary lights ;  |b a book of caricatures /  |c by Gene Markey. 
264 1 |a New York :  |b A. A. Knopf,  |c 1923. 
300 |a 1 volume :  |b chiefly illustrations ;  |c 24 cm. 
336 |a text  |b txt  |2 rdacontent 
337 |a unmediated  |b n  |2 rdamedia 
338 |a volume  |b nc  |2 rdacarrier 
650 0 |a Authors, American  |x Caricatures and cartoons. 
650 0 |a American wit and humor, Pictorial. 
999 |a MARS 
999 f f |s d9aa1e21-a42d-3f9f-ab0b-cde8d59fc616  |i 61570bf9-837e-3df4-8a6f-de9364dcd3f8  |t 0 
952 f f |p normal  |a Texas A&M University  |b College Station  |c Sterling C. Evans Library  |d Evans: Library Stacks  |t 0  |e NC1429 .M4  |h Library of Congress classification  |i unmediated -- volume  |m A14811011150 
998 f f |a NC1429 .M4  |t 0  |l Evans: Library Stacks